000 00897nam a2200277Ia 4500
003 OSt
005 20220927105847.0
006 a|||||r|||| 00| 0
007 ta
008 220926b |||||||| |||| 00| 0 eng d
024 _a27771
037 _cReference Collections
040 _aRTL
_cRTL
_beng
041 _2eng
_aeng
082 _a"X:54.20k678.N57t, J7"
110 _a"India, Government of ..... Commerce and Industry (Ministry of ...)"
_9375439
245 0 _aReport on economic and commercial conditions in Su
260 _aDelhi
_bManager of Publications India
_c1957
300 _a40p.
_ccm.
500 _aCD 478.57
650 _a Economics
650 _aInternational Trade
700 _a"India, Government of ..... Commerce and Industry (Ministry of ...)"
_9375440
942 _h"X:54.20k678.N57t, J7"
_cCC
999 _c694987
_d694987